Quizzes
Events
Quiz Creation
Community
Videos
Private Events
Remove Ads
Sign In
Join for FREE
Feedback
Dark Mode
Quiz Categories
Sports
Geography
Music
Movies
Television
Just For Fun
Miscellaneous
History
Literature
Language
Science
Gaming
Entertainment
Religion
Holiday
For Kids
Quiz Lab
Recent
Popular Today
Quiz Kudos Today
Editor Picks
Curator Picks
Quizzes by...
Day
Popularity
Type
Ratings
Length
Year
Community
Subscriptions
Recent Discussions
Orange Saloon
Badges
Playlists
Quests
Create
Leaderboards
Showdown
Live 5
Trivia Bingo
Activity
Puzzle Library
Sporcle Events
Private Events
Virtual Trivia
Globe League
Become a Host
Pub Owners
SporcleCon
Opinionation
Our Games
Videos
Blog
Mobile Apps
Partnerships
Remove Ads and Go Orange
Feedback
Music
Pop Music
The Beatles
Song
Album
Lyrics
Bands
Singers
Artist
Clip
Rock
Rap
Classical
Billboard
Country Music
Kpop
Taylor Swift
Music
Pop Music
The Beatles
Song
Album
Lyrics
Bands
Singers
Artist
Clip
Rock
Rap
Classical
Billboard
Country Music
Kpop
Taylor Swift
Random Quiz
Search Sporcle
×
Quiz Lab
Quiz Lab
Music
Low
Type in answers that appear in a list
Type in answers that appear in a list
Classic
Best Score? Go Orange.
Lady Antebellum - 'Slow Down Sister' Lyrics Stats
Do you know all of the lyrics to 'Slow Down Sister', by Lady Antebellum?
By
Mystic_Muse
20m
181 Questions
34 Plays
34 Plays
34 Plays
Comments
Comments
Give Quiz Kudos
Give Quiz Kudos
-
- Ratings
hide this ad
More Info
Replay
Link that replays current quiz
Next Quiz
Link to next quiz in quiz playlist
You Got
0%
They Got
Avg Score
80%
Avg Friend Score
Upgrade to see
Score Distribution
Jump to the score distribution portion of the page
Score
0/181
Timer
20:00
0
Plays Today
Lady Antebellum
Lyrics
% Correct
down
97.1%
slow
97.1%
sister
97.1%
I
97.1%
I
97.1%
I
97.1%
I
97.1%
slow
97.1%
down
97.1%
sister
97.1%
I
97.1%
I
97.1%
I
97.1%
I
97.1%
I
97.1%
I
97.1%
do
97.1%
I
97.1%
slow
97.1%
down
97.1%
sister
97.1%
just
94.1%
can't
94.1%
love
94.1%
just
94.1%
can't
94.1%
you
94.1%
love
94.1%
you
94.1%
and
94.1%
you
94.1%
you
94.1%
and
94.1%
you
94.1%
just
94.1%
can't
94.1%
love
94.1%
just
94.1%
can't
94.1%
you
94.1%
and
94.1%
just
94.1%
the
94.1%
you
94.1%
and
94.1%
the
94.1%
just
94.1%
and
94.1%
you
94.1%
just
94.1%
a
94.1%
you
94.1%
just
94.1%
a
94.1%
a
94.1%
'cause
91.2%
but
91.2%
off
91.2%
my
91.2%
mind
91.2%
my
91.2%
Lady Antebellum
Lyrics
% Correct
to
91.2%
'cause
91.2%
but
91.2%
off
91.2%
my
91.2%
mind
91.2%
But
91.2%
to
91.2%
but
91.2%
my
91.2%
my
91.2%
but
91.2%
to
91.2%
ya
88.2%
get
88.2%
don't
88.2%
want
88.2%
ya
88.2%
get
88.2%
ya
88.2%
don't
88.2%
want
88.2%
don't
88.2%
in
82.4%
Lord
82.4%
knows
82.4%
need
82.4%
for
82.4%
for
82.4%
in
82.4%
for
82.4%
on
79.4%
too
79.4%
on
79.4%
too
79.4%
I'm
76.5%
I'm
76.5%
me
76.5%
me
76.5%
so
76.5%
this
76.5%
so
76.5%
this
76.5%
heart
76.5%
line
76.5%
I'm
76.5%
I'm
76.5%
got
76.5%
me
76.5%
more
76.5%
got
76.5%
I'm
76.5%
more
76.5%
look
73.5%
oh
73.5%
that
73.5%
That
73.5%
that
73.5%
kiss
73.5%
look
73.5%
as
73.5%
Lady Antebellum
Lyrics
% Correct
oh
73.5%
oh
73.5%
time
73.5%
time
73.5%
believe
70.6%
reasons
70.6%
reasons
70.6%
what
70.6%
last
70.6%
wanna
70.6%
at
70.6%
with
67.6%
I've
67.6%
put
67.6%
I've
67.6%
say
67.6%
crazy
67.6%
crazy
67.6%
something
67.6%
than
67.6%
friend
67.6%
I've
67.6%
not
64.7%
falling
64.7%
not
64.7%
falling
64.7%
close
64.7%
one
64.7%
times
64.7%
people
64.7%
avoiding
64.7%
honey
64.7%
all
64.7%
all
64.7%
is
64.7%
come
61.8%
ain't
61.8%
your
61.8%
by
61.8%
even
61.8%
fine
61.8%
many
61.8%
upon
61.8%
heard
61.8%
freedom
61.8%
did
61.8%
little
61.8%
little
61.8%
fool
58.8%
play
58.8%
rules
58.8%
though
58.8%
rusted
58.8%
make
58.8%
mine
58.8%
asking
58.8%
been
55.9%
broken
55.9%
road
50%
Quiz Playlist
Details
Report
Send in Message
Add To Playlist
More Info:
Guess the lyrics?
Classic:
Type in answers that appear in a list
Quiz Source
Last Updated: Feb 16, 2017
Quiz Scoreboard
CHALLENGE
Sign Up to Join the Scoreboard
Show All
Scores
Hide
Comments
May contain spoilers
Recently Published
Click the 1999 NBA Draft
by nibperrychub
Sports
2m
Alphabetical 'K' Countries by Flag Minefield
by ylime102
Geography
3m
Pick 6: Fruits
by JohnFran
Miscellaneous
15s
More to Explore
Quiz From the Vault
Featured Blog Post
15 Basketball Trivia Facts You Can Be March Mad About
hide this ad
You Might Also Like...
Tags
Down
Lady
Low
Sister
Today's Top Quizzes in Music
Browse Music
hide this ad
Today's Top Quizzes in Low
Browse Low
Top Contributed Quizzes in Music
1
Taylor Swift All Songs (2024)
2
KPOP LOGIC QUIZ
3
A Taylor Swift Logic Puzzle
4
K-Pop Murder Mystery Logic Quiz
5
Taylor Swift Logic Puzzle
6
Guess the Taylor Swift song (Mystery Song)
7
Guess The Taylor Swift Lyrics Song #1
8
NCT 2020 Logic Puzzle
9
Joni Mitchell—'Car on a Hill' Lyrics
10
kpop group name match up
Explore More
Trending Topics
Kpop
Disney
Anime
Harry Potter
NBA
Crossword
Marvel
The Office
Country
WWE
NFL
Soccer
Puzzle
Pokémon
Song
hide this ad
More By:
Mystic_Muse
Quiz
Plays
Rating
Category
Featured
Created
Lady Antebellum - 'Slow Down Sister' Lyrics
34
Music
Aug 17, 2014
Go to Creator's Profile
Score Distribution
Quiz Creator Spotlight
Mystic_Muse
Follow
Send a Message
Quizzes Created
-
Created Quiz Play Count
-
More By This Creator
Popular Quizzes Today
1
Find the US States - No Outlines Minefield
2
Countries of Asia Without Outlines Minefield
3
Pick 6: Fruits
4
The Countries of the World
5
Alphabetical 'K' Countries by Flag Minefield
6
Find the US States
7
Match the Book to the Film X
8
Click the 1999 NBA Draft
More Music Quizzes
Songs with over 100 Million Spotify Streams #8 (Clip)
Quiz Lab
Trending Quizzes
Pick 6: Harry Potter
Pick 6: Mountains
Pick 6: NFL Teams
Pick 6: Movie Franchises
Pick 6: Golfers
Recently Updated
Women's Final Four Teams by Year
bhenderson79
Presidents Quartet II
eogle
Anything But Clue(do)
eogle
Anything But Oceanian Capitals
eogle
Anything But 7
eogle
Anything But Thing
eogle
Word Ladder: February 29
pecheneg
Song Title Questions
pecheneg
Women's NCAA Tournament #1 Seeds
pecheneg
Celebrity Mug Shots
pecheneg
Trending Topics
NBA
Marvel
Kpop
Disney
Crossword
Anime
Harry Potter
Song
NFL
WWE
Soccer
Country
Pokémon
The Office
Puzzle
Your Account Isn't Verified!
In order to create a playlist on Sporcle, you need to verify the email address you used during registration. Go to your
Sporcle Settings
to finish the process.
Report this User
Report this user for behavior that violates our
Community Guidelines
.
Details:
Send Report
Go to the Sporcle.com Mobile Site →
Comments